| 000 | 00766cam a2200253 4500 | ||
|---|---|---|---|
| 001 | ABS65336 | ||
| 008 | 020415n2002 000 0 eng u | ||
| 035 | _a(Sirsi) u117462 | ||
| 245 | _aRegional survey: Norfolk and Suffolk | ||
| 260 | _c2002 | ||
| 490 |
_aProperty Week _v67(12) 28 March 2002, 39-46(6) |
||
| 590 | _aABS | ||
| 650 | _aNORWICH | ||
| 650 | _aIPSWICH | ||
| 650 | _aPROPERTY-COMMERCIAL PROPERTY-RETAIL PROPERTY-RETAIL PROPERTY MARKET | ||
| 650 | _aSHOPPING CENTRES | ||
| 650 | _aCHAPELFIELD | ||
| 650 | _aPROPERTY-COMMERCIAL PROPERTY-OFFICE PROPERTY-OFFICE PROPERTY MARKET | ||
| 650 | _aINDUSTRIAL MARKET | ||
| 650 | _aSUFFOLK | ||
| 650 | _aNORFOLK | ||
| 690 | _aPROPERTY-COMMERCIAL PROPERTY-COMMERCIAL PROPERTY MARKET | ||
| 942 | _n0 | ||
| 999 |
_c69971 _d69971 |
||